| 000 | 004560000a22001930004500 | ||
|---|---|---|---|
| 003 | LK-CoMWRAF | ||
| 005 | 20230925233016.0 | ||
| 008 | 230817t ||||| |||| 00| 0 eng d | ||
| 020 | _a1851610950 | ||
| 040 |
_aLK-CoMWRAF _dLK-CoMWRAF _eLK-CoMWRAF |
||
| 041 | _aeng | ||
| 082 |
_a297 _bBOW |
||
| 100 | _aBowker, John | ||
| 245 | _aVoices of Islam | ||
| 260 |
_aEngland : _bOneworld, _c1995 |
||
| 300 | _a188p. ; 23cm. | ||
| 650 | _aIslam | ||
| 942 | _cBK | ||
| 999 |
_c1076 _d1076 |
||